000 00555nam a22001937a 4500
999 _c7513
_d7513
003 OSt
005 20211122144208.0
008 211122b ||||| |||| 00| 0 eng d
020 _a0023833300
040 _aDDC
_cDDC
082 _22nd.ed
_a551MOR1989
100 _aMoran ,Joseph M
_915380
245 _aMeteorology
_bThe Atmosphere and the science of waether
_cMoran ,Joseph M
260 _aNew York
_bMacmillan Publishing company
_c1989
300 _axvii,557p;
_bill:col
_c21cm
504 _aIncludes Index
650 _2GEography
942 _2ddc
_cO_SHELF